Statistics for Top 20 states most guessed in United States Map Quiz

Click here to take the quiz!

General Stats

  • This quiz has been taken 61 times
  • The average score is 17 of 20

Answer Stats

Percentage Guessed US States % Correct
94%California
100%
75%New York
100%
88%Florida
98%
88%Washington
98%
92%Texas
96%
65%Nevada
89%
82%Oregon
88%
91%Hawaii
86%
90%Alaska
84%
72%Arizona
84%
72%Maine
84%
73%Georgia
82%
81%New Mexico
80%
68%Virginia
79%
74%North Carolina
77%
73%South Carolina
75%
68%West Virginia
71%
78%Louisiana
66%
73%Tennessee
66%
66%South Dakota
54%

Score Distribution

Percentile by Number Answered

Percent of People with Each Score

Your Score History

You have not taken this quiz